| 000 | 01008nam a22002414a 4500 | ||
|---|---|---|---|
| 005 | 2010040500290.0 | ||
| 008 | 020919s2003 nyuab b 001 0 eng | ||
| 010 | _aB-379455 | ||
| 020 |
_a9788180696664 _c800.00 |
||
| 035 | _aB-379455 | ||
| 037 | _bUBH | ||
| 040 |
_adpl _bEnglish |
||
| 082 | _a954.16 | ||
| 100 | _aJolly, U.S. | ||
| 245 |
_aChallenges for a mega city: _bDelhi-a planned city with unplanned growth / _cby U.S. Jolly |
||
| 260 |
_aNew Delhi _bConcept Publishing Co. _c2010 |
||
| 270 |
_aA/15-16, Commercial Block, Mohan Garden, _bNew Delhi _e110059 |
||
| 300 |
_axvi, 311 p. : _bcol. photos _c23 cm(Hb) |
||
| 500 | _aIncludes glossary and index | ||
| 942 |
_2ddc _cEN _h954.16 _mJOL |
||
| 999 |
_c35072 _d35072 |
||